[Event "Mediterranean-ch 10th"]
[Site "Beirut"]
[Date "2015.10.25"]
[Round "9"]
[White "Ishoo, Younan"]
[Black "Nelis, Jean Francois"]
[Result "0-1"]
[WhiteElo "2070"]
[BlackElo "2150"]
[PlyCount "132"]
[EventDate "2015.10.16"]
[EventType "swiss"]
[EventRounds "9"]
[EventCountry "LBN"]
[SourceTitle "EXT 2018"]
[Source "ChessBase"]
[SourceDate "2017.10.13"]
[SourceVersion "1"]
[SourceVersionDate "2017.10.13"]
[SourceQuality "1"]

1. e4 e6 2. d4 d5 3. exd5 exd5 4. Be3 Bd6 5. Bd3 Nc6 6. Nf3 Nge7 7. 0-0 0-0 8. c3 Bf5 9. Re1 Qd7 10. Nh4 Bxd3 11. Qxd3 Rfe8 12. Nd2 Qg4 13. g3 Rad8 14. Kg2 a6 15. h3 Qd7 16. b4 b5 17. Ndf3 f6 18. Nh2 Nc8 19. a4 N6e7 20. a5 Rf8 21. Ra2 g5 22. N4f3 Qf5 23. Qd2 Ng6 24. Ng4 Kg7 25. Nxg5 fxg5 26. Bxg5 h5 27. Nh2 Nce7 28. Bh6+ Kh7 29. Bxf8 Rxf8 30. Qe2 Rg8 31. Kh1 Qxh3 32. Qe6 Nf5 33. Qxd5 h4 34. Qg2 Qxg2+ 35. Kxg2 Nf4+ 36. Kf3 hxg3 37. fxg3 Rxg3+ 38. Ke4 Ne7 39. Nf3 Nfd5 40. Rc2 Nf6+ 41. Ke3 Ned5+ 42. Ke2 Nf4+ 43. Ke3 Ng2+ 44. Rxg2 Rxg2 45. Rh1+ Kg7 46. Rg1 Rxg1 47. Nxg1 Nd5+ 48. Kd3 Kf6 49. Ne2 c6 50. c4 bxc4+ 51. Kxc4 Ke6 52. Nc1 Bxb4 53. Nb3 Bd6 54. Kd3 Nf6 55. Kc4 Nd7 56. Nd2 Bc7 57. Nb3 Kd6 58. Kb4 Kd5 59. Kc3 Bd6 60. Nd2 Nf8 61. Nc4 Ne6 62. Nb6+ Ke4 63. Kc4 Nxd4 64. Nc8 Bf8 65. Nb6 Nf3 66. Nd7 Ne5+ 0-1

[Event "Mediterranean-ch 10th"]
[Site "Beirut"]
[Date "2015.10.17"]
[Round "2"]
[White "Ishoo, Younan"]
[Black "Khader, Sami"]
[Result "0-1"]
[WhiteElo "2070"]
[BlackElo "2362"]
[PlyCount "118"]
[EventDate "2015.10.16"]
[EventType "swiss"]
[EventRounds "9"]
[EventCountry "LBN"]
[SourceTitle "EXT 2018"]
[Source "ChessBase"]
[SourceDate "2017.10.13"]
[SourceVersion "1"]
[SourceVersionDate "2017.10.13"]
[SourceQuality "1"]

1. e4 e5 2. Nf3 Nc6 3. d4 exd4 4. Nxd4 Nf6 5. Nxc6 bxc6 6. Bd3 d5 7. exd5 cxd5 8. 0-0 Be7 9. Nc3 0-0 10. Ne2 Re8 11. Bg5 h6 12. Bh4 Rb8 13. b3 c5 14. Bg3 Rb6 15. Re1 Bg4 16. f3 Bc8 17. Bf2 Bf8 18. Nc3 Rxe1+ 19. Bxe1 Be6 20. Na4 Rb8 21. Bf2 Qc7 22. Bg3 Bd6 23. Bxd6 Qxd6 24. Nc3 Rd8 25. Bf1 d4 26. Ne4 Nxe4 27. fxe4 Qe5 28. Bd3 Bc8 29. Qf3 Rd6 30. Rf1 Rf6 31. Qg3 Rxf1+ 32. Kxf1 Qxg3 33. hxg3 Kf8 34. Kf2 Ke7 35. Kf3 Kd6 36. Kf4 g5+ 37. Kf3 Ke5 38. a3 a5 39. Bc4 f6 40. Bd3 Bb7 41. g4 Bc6 42. c4 dxc3 43. Ke3 Bd7 44. Be2 c2 45. Kd2 Kxe4 46. Kxc2 Kd4 47. Kd2 Bc6 48. g3 Bd5 49. Bd1 Be6 50. a4 Bf7 51. Bc2 Bd5 52. Bd1 Be6 53. Kc2 Ke3 54. Kc3 Kf2 55. Kd3 Kxg3 56. Ke4 Bxg4 57. Bxg4 Kxg4 58. Kd5 h5 59. Kxc5 h4 0-1